Amame: mucho
שמור ב:
| מחבר ראשי: | |
|---|---|
| פורמט: | ספר |
| שפה: | ספרדית |
| יצא לאור: |
Buenos Aires
Javier Vergara Editor
1993
|
| מהדורה: | 1a. ed |
| נושאים: | |
| תגים: |
הוספת תג
אין תגיות, היה/י הראשונ/ה לתייג את הרשומה!
|
MARC
| LEADER | 00000nam a2200000 a 4500 | ||
|---|---|---|---|
| 001 | UCJ9260 | ||
| 003 | CL-VaPUC | ||
| 008 | 070309e19930000AG |||||||||||||||||spa|d | ||
| 020 | |a 9501512789 | ||
| 082 | 0 | 4 | |a 370.153 |b KEA |2 21 |
| 100 | |a Keating, Kathleen |e author |9 519207 | ||
| 245 | 1 | 0 | |a Amame: mucho |
| 250 | |a 1a. ed | ||
| 942 | |c BK | ||
| 945 | |d 20070309 00:00:00 |a lvergara | ||
| 260 | |a Buenos Aires |b Javier Vergara Editor |c 1993 | ||
| 650 | 0 | |a Psicología educacional |9 307830 | |
| 650 | 0 | |a Desarrollo Personal |9 390751 | |
| 650 | 0 | |a Salud mental |9 308393 | |
| 650 | 0 | |a Desarrollo emocional |9 313058 | |
| 650 | 7 | |a PSICOTERAPIA |2 CL-VaPUC |9 519208 | |
| 650 | 0 | |a Desarrollo individual |9 307875 | |
| 650 | 0 | |a Bienestar social |9 255298 | |
| 650 | 0 | |a Felicidad |9 257029 | |
| 650 | 7 | |a EDUCACION Y DESARROLLO |2 CL-VaPUC |9 324696 | |
| 650 | 0 | |a Psicología individual |9 309049 | |
| 650 | 7 | |a EDUCACION Y SALUD |2 CL-VaPUC |9 369581 | |
| 650 | 0 | |a Amor |9 257817 | |
| 650 | 0 | |a Sentimientos |9 334266 | |
| 583 | |a last modification |c 20070309 00:00:00 |k Rodrigo Vera | ||
| 999 | |c 324842 |d 324840 | ||
| 952 | |0 0 |1 0 |4 0 |6 370_153000000000000_KEA_1993 |7 0 |8 A |9 405217 |a BIBEDU |b BIBEDU |d 2019-11-22 |i 4303989 |o 370.153 KEA 1993 |p 4303989 |r 2019-11-22 |w 2019-11-22 |y BK |k EPE | ||